Alicia en el país de las maravillas / (Record no. 148599)

MARC details
000 -CABECERA
campo de control de longitud fija 00721nam a2200217 u 4500
005 - FECHA Y HORA DE LA ÚLTIMA TRANSACCIÓN
campo de control 20240924071249.0
008 - ELEMENTOS DE LONGITUD FIJA--INFORMACIÓN GENERAL
campo de control de longitud fija 100614s19882006 r 000 0 eng d
020 ## - NÚMERO INTERNACIONAL NORMALIZADO PARA LIBROS
Número Internacional Estándar del Libro 9788431625863
035 ## - NÚMERO DE CONTROL DEL SISTEMA
Número de control de sistema UPN01000176496
049 ## - COLECCIÓN
Colección CG
050 #4 - SIGNATURA TOPOGRÁFICA DE LA BIBLIOTECA DEL CONGRESO
Número de clasificación PR4611 A3
Número de documento/Ítem A4.8d
100 1# - ASIENTO PRINCIPAL--NOMBRE PERSONAL
Nombre de persona Carroll, Lewis,
Fechas asociadas al nombre 1832-1898
245 10 - MENCIÓN DE TÍTULO
Título Alicia en el país de las maravillas /
Mención de responsabilidad, etc. Lewis Carroll ; tr. Luis Maristany ; il. John Tenniel.
260 ## - PUBLICACIÓN, DISTRIBUCIÓN, ETC.
Lugar de publicación, distribución, etc. Barcelona, Esp. :
Nombre del editor, distribuidor, etc. Vicens Vives,
Fecha de publicación, distribución, etc. 1988 (2006 impr.).
300 ## - DESCRIPCIÓN FÍSICA
Extensión 120, 41 p. :
Otras características físicas il.
440 #0 - MENCIÓN DE SERIE/ASIENTO SECUNDARIO--TÍTULO
Título Aula de literatura ;
Designación de volumen o secuencia 1
534 ## - NOTA SOBRE LA VERSIÓN ORIGINAL
Frase introductoria Título original:
Mención de título del original Alice's adventures in Wonderlan
650 #4 - ASIENTO SECUNDARIO DE MATERIA - TERMINO TEMATICO
Término de materia o nombre geográfico como elemento de entrada Literatura inglesa
9 (RLIN) 5228
650 #4 - ASIENTO SECUNDARIO DE MATERIA - TERMINO TEMATICO
Término de materia o nombre geográfico como elemento de entrada Literatura infantil
9 (RLIN) 4445
905 ## - TIPO DE MATERIAL
Tipo de material Libro
Holdings
Estado de retiro Estado de pérdida Fuente del sistema de clasificación o colocación Estado dañado No para préstamo Código de colección Localización permanente Ubicación/localización actual Ubicación en estantería Fecha de adquisición Total de préstamos Clasificación Código de barras Fecha visto por última vez Fecha del último préstamo Número de copia Tipo de ítem Koha
    Library of Congress Classification     Colección General Bib. Gregorio Torres Quintero Bib. Gregorio Torres Quintero Planta baja 23/08/2022 20 PR4611 A3 A4.8d 273298 15/02/2024 02/02/2024 1 Libro